000 00358nam a2200133Ia 4500
008 220204s9999 xx 000 0 und d
082 _a338.43.01
_bBIS
100 _aBISHOP, C E
245 0 _aIntroduction to agricultural economic analysis
260 _aNew York
_bWiley
_c1958
650 _aAgricultural economics
700 _aTOUSSAINT, W D
942 _cBK
999 _c28089
_d28089